Welcome to the Holygrace Academy Library

Please use search bar below to get started

ST.TIGGYSINKLES WILFLIFE HOSPITAL (Record no. 1817)

MARC details
000 -LEADER
fixed length control field 00398nam a22001577a 4500
020 ## - INTERNATIONAL STANDARD BOOK NUMBER
ISBN 0-00-675299-3
082 ## - DEWEY DECIMAL CLASSIFICATION NUMBER
Classification number 823
Item number STO/T
100 ## - MAIN ENTRY--AUTHOR NAME
Personal name STOCKER, LES
245 ## - TITLE STATEMENT
Title ST.TIGGYSINKLES WILFLIFE HOSPITAL
Remainder of title SHORT STORY
246 ## - VARYING FORM OF TITLE
Title proper/short title ST.TIGGYSINKLES WILFLIFE HOSPITAL
Remainder of title SHORT STORY
260 ## - PUBLICATION, DISTRIBUTION, ETC. (IMPRINT)
Place of publication BRITAIN
Name of publisher COLLINS
Year of publication 1998
300 ## - PHYSICAL DESCRIPTION
Number of Pages 95
520 ## - SUMMARY, ETC.
Summary, etc SHORT STORY
650 ## - SUBJECT ADDED ENTRY--TOPICAL TERM
Topical Term SHORT STORY
942 ## - ADDED ENTRY ELEMENTS (KOHA)
Koha item type Books
Holdings
Withdrawn status Lost status Collection code Home library Current library Shelving location Date acquired Source of acquisition Cost, normal purchase price Full call number Accession Number Koha item type
    Fiction Main Library Main Library SHELF 4-B ANIMAL ARK 17/07/2019 Purchase 362.00 823 STO/T 11275 Books